[Event "IV Weekend A"]
[Site "Trieste ITA"]
[Date "2002.11.01"]
[Round "5"]
[White "Punteri, Marco"]
[Black "Varini, Massimo"]
[WhiteElo "1885"]
[BlackElo "2087"]
[Result "1-0"]
[PlyCount "33"]
[EventDate "2002.10.26"]

1. d4 Nf6 2. c4 g6 3. Nc3 Bg7 4. e4 d6 5. f4 O-O 6. Nf3 c5 7. d5 e6 8. Be2 exd5
9. e5 dxe5 10. fxe5 Ng4 11. Bg5 f6 12. exf6 Bxf6 13. Bxf6 Nxf6 14. cxd5 b5 15.
Bxb5 Ng4 16. Qe2 Nd7 17. Qe6+ 1-0

[Event "IV Weekend A"]
[Site "Trieste ITA"]
[Date "2002.11.01"]
[Round "5"]
[White "Stantic, Severino"]
[Black "De Val, Daniele"]
[WhiteElo "2122"]
[BlackElo "1969"]
[Result "1-0"]
[PlyCount "107"]
[EventDate "2002.10.26"]

1. c4 Nf6 2. Nc3 Nc6 3. Nf3 e6 4. d4 Bb4 5. Bd2 d6 6. a3 Bxc3 7. Bxc3 Ne4 8. d5
Nxc3 9. bxc3 Ne5 10. Nxe5 dxe5 11. e4 O-O 12. Be2 exd5 13. cxd5 f5 14. exf5
Bxf5 15. Qd2 Be4 16. Bc4 Bxg2 17. Rg1 Bh3 18. O-O-O Qd6 19. Qe3 Qxa3+ 20. Kd2
Qb2+ 21. Ke1 Rf4 22. Be2 Qb6 23. Qxh3 Qxf2+ 24. Kd2 Re4 25. Qf3 Qh4 26. Rdf1
Rf4 27. Qg2 Qh6 28. Qg5 Qxg5 29. Rxg5 Re8 30. Ra1 a6 31. Rb1 b6 32. Bxa6 Rf2+
33. Ke3 Rxh2 34. Rbg1 g6 35. Bd3 Rh3+ 36. R5g3 Rxg3+ 37. Rxg3 Kg7 38. Rg4 Kf6
39. Rc4 Re7 40. Rc6+ Kg5 41. Be4 Rg7 42. c4 h5 43. d6 cxd6 44. Rxd6 h4 45. Rxb6
h3 46. c5 h2 47. c6 Rh7 48. Rb1 Kf6 49. Rc1 Rc7 50. Rc2 Rh7 51. c7 Rh3+ 52. Ke2
h1=Q 53. Bxh1 Rh2+ 54. Kd3 1-0

[Event "IV Weekend A"]
[Site "Trieste ITA"]
[Date "2002.11.02"]
[Round "6"]
[White "Badiali, Carlo"]
[Black "Miele, Roberto"]
[WhiteElo "1705"]
[BlackElo "1705"]
[Result "1-0"]
[PlyCount "79"]
[EventDate "2002.10.26"]

1. d4 Nf6 2. c4 g6 3. Nc3 Bg7 4. e4 d6 5. f3 O-O 6. Be3 e5 7. Nge2 Nc6 8. Qd2
Nd7 9. d5 Ne7 10. g4 a6 11. h4 b5 12. cxb5 axb5 13. Nxb5 Ba6 14. Nec3 Qb8 15.
Bh6 Rd8 16. Bxg7 Kxg7 17. h5 Rh8 18. h6+ Kf8 19. Rc1 f6 20. Qe3 g5 21. Rh2 Ng6
22. Na3 Nc5 23. Bb5 Nf4 24. Rcc2 Bxb5 25. Ncxb5 Ke7 26. Kd1 Rc8 27. Rhd2 Ra4
28. b3 Rb4 29. Rxc5 Kd7 30. Rc4 Rxb5 31. Nxb5 Qxb5 32. Qa7 Ng6 33. Rdc2 Kd8 34.
Kc1 Nf4 35. Rxc7 Qf1+ 36. Kb2 Nd3+ 37. Ka3 Nc5 38. R2xc5 dxc5 39. Rd7+ Ke8 40.
Re7+ 1-0

[Event "IV Weekend A"]
[Site "Trieste ITA"]
[Date "2002.11.02"]
[Round "6"]
[White "Capaliku, Aleks"]
[Black "Bortolin, Bruno"]
[WhiteElo "1786"]
[BlackElo "1770"]
[Result "1/2-1/2"]
[PlyCount "143"]
[EventDate "2002.10.26"]

1. f4 d5 2. Nf3 Nf6 3. e3 g6 4. d4 Bg7 5. Bd3 O-O 6. Nbd2 Nbd7 7. O-O b6 8. Ne5
Bb7 9. Qf3 c5 10. c3 Qc7 11. g4 Ne8 12. g5 f5 13. h4 Nd6 14. Qh3 Nxe5 15. fxe5
Ne4 16. Rf4 Nxd2 17. Bxd2 e6 18. h5 Rf7 19. Kf2 Bf8 20. hxg6 hxg6 21. Rh4 Rh7
22. Rh1 Rxh4 23. Qxh4 Qg7 24. Kf3 Bc6 25. Kf4 Be7 26. Be2 c4 27. Rh2 b5 28. Qe1
Kf7 29. Qh1 Kg8 30. Rh6 Rc8 31. b3 a6 32. bxc4 dxc4 33. Bf3 Bxf3 34. Qxf3 b4
35. d5 Rc5 36. cxb4 Rxd5 37. Bc3 Bxb4 38. Bd4 Bc5 39. Qd1 Bxd4 40. exd4 Qxe5+
41. dxe5 Rxd1 42. Rxg6+ Kf7 43. Rf6+ Ke7 44. g6 Rg1 45. Rf7+ Ke8 46. Rf6 Kd7
47. Ke3 Rg3+ 48. Kd2 a5 49. Kc2 a4 50. Kd2 a3 51. Kc2 Kc6 52. Rxe6+ Kd5 53. Re7
Rxg6 54. Kc3 f4 55. Kb4 Re6 56. Rc7 Kxe5 57. Rc5+ Ke4 58. Rxc4+ Kf5 59. Kxa3 f3
60. Rc1 f2 61. Rf1 Re2 62. Kb3 Kf4 63. a4 Ke3 64. Kb4 Re1 65. Rxf2 Kxf2 66. a5
Ke3 67. Kc5 Rc1+ 68. Kb6 Kd4 69. a6 Rb1+ 70. Kc7 Kc4 71. a7 Ra1 72. Kb7 1/2-1/2

[Event "IV Weekend A"]
[Site "Trieste ITA"]
[Date "2002.11.02"]
[Round "6"]
[White "De Val, Daniele"]
[Black "Arcion, Riccardo"]
[WhiteElo "1969"]
[BlackElo "1816"]
[Result "1-0"]
[PlyCount "37"]
[EventDate "2002.10.26"]

1. d4 Nf6 2. c4 g6 3. Nc3 Bg7 4. e4 d6 5. f4 O-O 6. Nf3 c5 7. d5 e6 8. Be2 exd5
9. e5 Ne4 10. Nxd5 Nc6 11. O-O dxe5 12. Kh1 f5 13. Bd3 Nd6 14. fxe5 Nxe5 15.
Bg5 Qa5 16. Be7 Ndxc4 17. Bxf8 Kxf8 18. Bxc4 Nxc4 19. Qe2 1-0

[Event "IV Weekend A"]
[Site "Trieste ITA"]
[Date "2002.11.02"]
[Round "6"]
[White "Pugnetti, Sergio"]
[Black "Punteri, Marco"]
[WhiteElo "1758"]
[BlackElo "1885"]
[Result "0-1"]
[PlyCount "100"]
[EventDate "2002.10.26"]

1. e4 c5 2. c3 g6 3. d4 cxd4 4. cxd4 d5 5. e5 Nc6 6. Nc3 Bg7 7. Be3 Nh6 8. Qd2
Nf5 9. Nf3 f6 10. Bb5 O-O 11. exf6 Bxf6 12. O-O Be6 13. Rad1 Rc8 14. Rfe1 Bf7
15. b3 Bg7 16. Rc1 Qb6 17. Bxc6 Rxc6 18. Na4 Qc7 19. Bf4 Qc8 20. Ne5 Rxc1 21.
Rxc1 Qd8 22. Nc5 Nd6 23. f3 Re8 24. Qb4 Qb6 25. Qd2 Rc8 26. g4 Nb5 27. Kg2 Nd6
28. Qe3 Re8 29. a4 Qb4 30. h4 Qa5 31. Nxf7 Nxf7 32. Nxb7 Qb4 33. Rc7 Qxd4 34.
Qxd4 Bxd4 35. Nc5 e5 36. Bg3 e4 37. fxe4 dxe4 38. Kf1 Ne5 39. Bxe5 Bxe5 40.
Rxa7 Bd4 41. b4 Rb8 42. Rb7 Rf8+ 43. Ke1 Rf3 44. a5 Ra3 45. Ne6 Ra1+ 46. Ke2
Ra2+ 47. Kd1 Be5 48. Nc5 e3 49. Nd3 Rd2+ 50. Ke1 Bg3+ 0-1

[Event "IV Weekend A"]
[Site "Trieste ITA"]
[Date "2002.11.02"]
[Round "6"]
[White "Varini, Massimo"]
[Black "Smargiassi, Enrico"]
[WhiteElo "2087"]
[BlackElo "1911"]
[Result "1-0"]
[PlyCount "61"]
[EventDate "2002.10.26"]

1. e4 c5 2. Nf3 e6 3. d4 cxd4 4. Nxd4 Nc6 5. Nxc6 bxc6 6. Bd3 Nf6 7. O-O e5 8.
Qe1 Qb6 9. Kh1 Bc5 10. Nd2 O-O 11. Nc4 Qb8 12. f4 Re8 13. f5 Be7 14. Bg5 d5 15.
Bxf6 Bxf6 16. Ne3 Qd6 17. Rd1 a5 18. Ng4 Rb8 19. b3 a4 20. Qg3 Kh8 21. Bc4 axb3
22. axb3 Bb7 23. Ne3 d4 24. Bxf7 Rf8 25. Nc4 Qc5 26. Be6 Ba6 27. Rf3 Bxc4 28.
Bxc4 Qe7 29. Qg4 Ra8 30. Rh3 Ra2 31. Rxh7+ 1-0

[Event "IV Weekend A"]
[Site "Trieste ITA"]
[Date "2002.11.03"]
[Round "7"]
[White "Arcion, Riccardo"]
[Black "Fantini, Marco"]
[WhiteElo "1816"]
[BlackElo "1707"]
[Result "1/2-1/2"]
[PlyCount "61"]
[EventDate "2002.10.26"]

1. d4 d5 2. c4 e6 3. Nc3 c5 4. cxd5 exd5 5. Nf3 Nc6 6. g3 Nf6 7. Bg2 Be7 8. O-O
O-O 9. Bg5 Be6 10. Rc1 Rc8 11. e3 c4 12. Ne5 h6 13. Nxc6 bxc6 14. Bxf6 Bxf6 15.
b3 cxb3 16. Qxb3 Be7 17. Na4 Rb8 18. Qc2 Qa5 19. Nc5 Bc8 20. Nb3 Qa3 21. Qxc6
Ba6 22. Rfe1 Bb4 23. Red1 Be2 24. Bxd5 Bxd1 25. Rxd1 Qxa2 26. Ra1 Qb2 27. Rxa7
Be1 28. Rxf7 Rxf7 29. Bxf7+ Kxf7 30. Qd5+ Kf8 31. Qd6+ 1/2-1/2

[Event "IV Weekend A"]
[Site "Trieste ITA"]
[Date "2002.11.03"]
[Round "7"]
[White "Bortolin, Bruno"]
[Black "De Val, Daniele"]
[WhiteElo "1770"]
[BlackElo "1969"]
[Result "0-1"]
[PlyCount "62"]
[EventDate "2002.10.26"]

1. e4 Nc6 2. Nc3 e5 3. g3 Bc5 4. Bg2 a6 5. Nge2 d6 6. O-O Bg4 7. h3 Be6 8. d3
Qd7 9. Kh2 Nge7 10. Nd5 f5 11. f4 h5 12. Nxe7 Nxe7 13. fxe5 dxe5 14. Bg5 h4 15.
Bxh4 f4 16. d4 fxg3+ 17. Kxg3 exd4 18. Bxe7 Qxe7 19. Kh2 Bd6+ 20. Kg1 Bxh3 21.
Rf2 O-O-O 22. Nf4 Bxf4 23. Bxh3+ Rxh3 24. Qg4+ Kb8 25. Qxh3 Be3 26. Kf1 Bxf2
27. Kxf2 Qxe4 28. Qd3 Rf8+ 29. Kg3 Qe5+ 30. Kg2 Rf4 31. Qg3 Qe4+ 0-1

[Event "IV Weekend A"]
[Site "Trieste ITA"]
[Date "2002.11.03"]
[Round "7"]
[White "Brunato, Davide"]
[Black "Pirona, Dario"]
[WhiteElo "1717"]
[BlackElo "1812"]
[Result "1-0"]
[PlyCount "128"]
[EventDate "2002.10.26"]

1. d4 e5 2. dxe5 Nc6 3. Nf3 Qe7 4. g3 Nxe5 5. Nxe5 Qxe5 6. Bg2 Bc5 7. O-O c6 8.
c4 Nf6 9. Nc3 O-O 10. Bf4 Qe6 11. Na4 Be7 12. Qc2 d5 13. cxd5 cxd5 14. Bg5 Bd7
15. Nc3 Rac8 16. Qd3 Bc6 17. Rfd1 Rfd8 18. e3 Ne4 19. Bxe7 Nxc3 20. Bxd8 Nxd1
21. Rxd1 Rxd8 22. Qd4 Re8 23. Bxd5 Bxd5 24. Qxd5 Qxd5 25. Rxd5 g6 26. Rd7 Rb8
27. g4 g5 28. Kg2 Kg7 29. Kg3 h6 30. h4 Kf6 31. Rd6+ Kg7 32. h5 a5 33. Rb6 a4
34. a3 Kh7 35. f4 Kg7 36. fxg5 hxg5 37. Rb5 f6 38. Rb6 Kf7 39. Kf3 Kg7 40. Ke4
Re8+ 41. Kd4 Re7 42. e4 Rd7+ 43. Kc4 Re7 44. Kd5 Re5+ 45. Kd4 Re7 46. Rb4 Rc7
47. Ke3 Kf7 48. Rxa4 Ke6 49. Rb4 Ke5 50. Rb5+ Ke6 51. Kd4 Rd7+ 52. Rd5 Rc7 53.
e5 fxe5+ 54. Rxe5+ Kf6 55. Rf5+ Kg7 56. Rxg5+ Kf7 57. Rc5 Rd7+ 58. Ke5 Kg7 59.
a4 b6 60. Rc1 Rd2 61. Rc7+ Kh6 62. Rc6+ Kg7 63. Rxb6 Rd7 64. b4 Kh7 1-0

[Event "IV Weekend A"]
[Site "Trieste ITA"]
[Date "2002.11.03"]
[Round "7"]
[White "Punteri, Marco"]
[Black "Nedimovic, Ljubisa"]
[WhiteElo "1885"]
[BlackElo "2169"]
[Result "1-0"]
[PlyCount "73"]
[EventDate "2002.10.26"]

1. d4 f5 2. g3 Nf6 3. Bg2 g6 4. c4 Bg7 5. Nc3 O-O 6. h4 d6 7. Bg5 h6 8. Bxf6
Bxf6 9. Nd5 Bg7 10. Nf4 Qe8 11. Bd5+ Kh7 12. Ngh3 e6 13. Bg2 c6 14. h5 g5 15.
Ng6 Rf7 16. f4 g4 17. Ng5+ hxg5 18. fxg5 Rc7 19. Qd3 Kg8 20. e4 Qd8 21. Qe3 e5
22. h6 exd4 23. h7+ Kf7 24. h8=Q Bxh8 25. Nxh8+ Kg8 26. Qxd4 Qxg5 27. Nf7 Qg7
28. Nh6+ Kf8 29. Qxd6+ Qe7 30. Qd4 Qg5 31. Qh8+ Ke7 32. Ng8+ Kd6 33. Rd1+ Kc5
34. Qd4+ Kb4 35. c5+ Ka5 36. Qc3+ Ka6 37. Qa3+ 1-0

[Event "IV Weekend A"]
[Site "Trieste ITA"]
[Date "2002.11.03"]
[Round "7"]
[White "Smargiassi, Enrico"]
[Black "Badiali, Carlo"]
[WhiteElo "1911"]
[BlackElo "1705"]
[Result "1-0"]
[PlyCount "39"]
[EventDate "2002.10.26"]

1. d4 Nf6 2. c4 g6 3. Nc3 d5 4. Nf3 Bg7 5. e3 O-O 6. Bd2 c5 7. dxc5 Nc6 8. Rc1
d4 9. exd4 Nxd4 10. Nxd4 Qxd4 11. Be3 Qe5 12. Be2 Be6 13. O-O Nd7 14. b4 a5 15.
a3 f5 16. Nb5 Nf6 17. Bf3 Rfd8 18. Bd4 Qb8 19. Qe2 Bd7 20. Be5 1-0

[Event "IV Weekend A"]
[Site "Trieste ITA"]
[Date "2002.11.03"]
[Round "7"]
[White "Stantic, Severino"]
[Black "Capaliku, Aleks"]
[WhiteElo "2122"]
[BlackElo "1786"]
[Result "1-0"]
[PlyCount "87"]
[EventDate "2002.10.26"]

1. c4 f5 2. d4 Nf6 3. g3 e6 4. Bf4 Bb4+ 5. Bd2 Qe7 6. Bg2 O-O 7. Qb3 Bxd2+ 8.
Nxd2 c6 9. c5 d5 10. cxd6 Qxd6 11. Ngf3 Na6 12. O-O Nd5 13. a3 Qe7 14. e4 fxe4
15. Nxe4 Nac7 16. Rae1 b6 17. Rc1 Bb7 18. Ne5 Nb5 19. Rfd1 Rac8 20. f4 Nd6 21.
Qd3 g6 22. Nxd6 Qxd6 23. Bh3 Ne7 24. Rc2 Nf5 25. Bg2 Rfd8 26. Rcd2 Qe7 27. Qb3
Kg7 28. Qc3 Kg8 29. b4 Rd6 30. g4 Ng7 31. Be4 Qf6 32. Qf3 Qe7 33. b5 Rc7 34.
Bxc6 Bxc6 35. Nxc6 Qf6 36. Ne5 Rd8 37. d5 g5 38. dxe6 Rxd2 39. Rxd2 Nxe6 40.
Qd5 gxf4 41. Nf3 Kg7 42. Re2 Nc5 43. Re8 Qf7 44. Qe5+ 1-0

[Event "IV Weekend A"]
[Site "Trieste ITA"]
[Date "2002.11.03"]
[Round "7"]
[White "Varini, Massimo"]
[Black "Pugnetti, Sergio"]
[WhiteElo "2087"]
[BlackElo "1758"]
[Result "1/2-1/2"]
[PlyCount "70"]
[EventDate "2002.10.26"]

1. e4 d5 2. exd5 Nf6 3. Nc3 Nxd5 4. Bc4 e6 5. d4 Bb4 6. Nge2 O-O 7. Bd2 b6 8.
Nxd5 Bxd2+ 9. Qxd2 exd5 10. Bd3 c5 11. c3 Nc6 12. Bb5 Bb7 13. O-O Qd6 14. Rad1
Rfd8 15. Rfe1 Rac8 16. Bxc6 Bxc6 17. Ng3 Qf6 18. Re5 Re8 19. Nh5 Qd6 20. Rg5 g6
21. Rg3 Re4 22. Qh6 Qf8 23. Qg5 Qe7 24. Qxe7 Rxe7 25. h3 Re2 26. dxc5 bxc5 27.
Nf4 Rxb2 28. Nxd5 Bxd5 29. Rxd5 Rc7 30. Rgg5 Rxa2 31. Rxc5 Rxc5 32. Rxc5 Ra1+
33. Kh2 a5 34. c4 Rc1 35. Rxa5 Rxc4 1/2-1/2

[Event "VIII Weekend"]
[Site "Santa Margherita Ligure ITA"]
[Date "2003.01.18"]
[Round "4"]
[White "Massa, Giovanni"]
[Black "Piccardo, Marco"]
[Result "1-0"]
[WhiteElo "2096"]
[BlackElo "2196"]
[PlyCount "55"]
[EventDate "2002.12.11"]

1. e4 e5 2. Nf3 Nc6 3. Bb5 a6 4. Ba4 Nf6 5. O-O Nxe4 6. d4 b5 7. Bb3 d5 8. dxe5
Be6 9. c3 Be7 10. Nbd2 O-O 11. Bc2 Nc5 12. Re1 Bg4 13. Nf1 f6 14. Ne3 Be6 15.
Nd4 Nxd4 16. cxd4 Nd7 17. Qh5 g6 18. Bxg6 hxg6 19. Qxg6+ Kh8 20. Qh6+ Kg8 21.
Nf5 Bxf5 22. Re3 Nxe5 23. dxe5 fxe5 24. Rg3+ Kf7 25. Rg7+ Ke8 26. Qc6+ Qd7 27.
Qxa8+ Qd8 28. Rxe7+ 1-0

[Event "VI Weekend"]
[Site "Castelfidardo ITA"]
[Date "2002.10.19"]
[Round "1"]
[White "Bontempi, Piero"]
[Black "Voicu, Joan Paul"]
[Result "1-0"]
[WhiteElo "2316"]
[BlackElo "1614"]
[PlyCount "53"]
[EventDate "2002.10.19"]

1. e4 c5 2. Nf3 e6 3. d4 cxd4 4. Nxd4 Nc6 5. Nc3 Nf6 6. Bg5 Bb4 7. Ndb5 d6 8.
a3 Bc5 9. b4 Bb6 10. Nxd6+ Ke7 11. Nc4 Bd4 12. Qd2 b5 13. Ne3 a6 14. f4 h6 15.
Bh4 g5 16. fxg5 hxg5 17. Bxg5 Ke8 18. O-O-O Qb6 19. Ned5 exd5 20. exd5 Rh5 21.
dxc6 Bxc3 22. Qxc3 Rxg5 23. Qxf6 Qe3+ 24. Kb1 Be6 25. Qh8+ Ke7 26. Qxa8 Qxa3
27. Qd8# 1-0

[Event "VI Weekend"]
[Site "Castelfidardo ITA"]
[Date "2002.10.19"]
[Round "1"]
[White "Di Blasio, Walter"]
[Black "Rinaudo, Andrea"]
[Result "0-1"]
[WhiteElo "1537"]
[BlackElo "1873"]
[PlyCount "42"]
[EventDate "2002.10.19"]

1. Nf3 Nf6 2. Nc3 c5 3. e4 d6 4. Bb5+ Bd7 5. Qe2 e5 6. O-O Nc6 7. h3 Be7 8. d3
O-O 9. Be3 Nd4 10. Bxd4 cxd4 11. Bxd7 dxc3 12. Ba4 cxb2 13. Rab1 a6 14. Rxb2 b5
15. Bb3 Qd7 16. Ng5 h6 17. Nxf7 Rxf7 18. Bxf7+ Kxf7 19. f4 Kg8 20. fxe5 dxe5
21. Qf3 Qd4+ 0-1

[Event "VI Weekend"]
[Site "Castelfidardo ITA"]
[Date "2002.10.19"]
[Round "1"]
[White "Fioravanti, Emidio"]
[Black "Perogio, Lorenzo"]
[Result "1-0"]
[WhiteElo "1774"]
[BlackElo "1518"]
[PlyCount "69"]
[EventDate "2002.10.19"]

1. e4 e5 2. Bc4 Nf6 3. d3 Bc5 4. Nf3 Nc6 5. c3 O-O 6. b4 Bb6 7. b5 Na5 8. Nxe5
d6 9. Nxf7 Rxf7 10. Bxf7+ Kxf7 11. O-O a6 12. bxa6 bxa6 13. Be3 Nc6 14. Bxb6
cxb6 15. h3 Kg8 16. f4 b5 17. Qf3 Bd7 18. Nd2 Qb6+ 19. Kh1 Re8 20. Rfb1 Qc5 21.
Rc1 Qh5 22. Kg1 Qh4 23. Qf2 Qh6 24. Rf1 b4 25. cxb4 Nxb4 26. Qd4 Nbd5 27. exd5
Bxh3 28. Rae1 Bd7 29. Rxe8+ Bxe8 30. Rf3 Bd7 31. Ne4 Ng4 32. Rh3 Qxf4 33. Qb2
Ne3 34. Qb8+ Kf7 35. Rf3 1-0

[Event "VI Weekend"]
[Site "Castelfidardo ITA"]
[Date "2002.10.19"]
[Round "1"]
[White "Giobbi, Costantino"]
[Black "Cerusico, Carlo"]
[Result "1-0"]
[WhiteElo "1734"]
[BlackElo "1404"]
[PlyCount "51"]
[EventDate "2002.10.19"]

1. d4 d5 2. c4 dxc4 3. e3 Nf6 4. Bxc4 e6 5. Nf3 Bd6 6. Nc3 O-O 7. O-O Re8 8.
Qe2 c6 9. Rd1 b5 10. Bd3 Nd5 11. e4 Nxc3 12. bxc3 e5 13. dxe5 Bxe5 14. Nxe5
Rxe5 15. Bf4 Re8 16. Bxb5 Qa5 17. Bc4 Bf5 18. Qh5 g6 19. Qg5 Nd7 20. exf5 Qxc3
21. fxg6 hxg6 22. Qxg6+ Kh8 23. Qh6+ Kg8 24. Rac1 Qb4 25. Bxf7+ Kxf7 26. Rxd7+
1-0

[Event "VI Weekend"]
[Site "Castelfidardo ITA"]
[Date "2002.10.19"]
[Round "1"]
[White "Gori, Giuseppe"]
[Black "Tacconelli, Valentino"]
[Result "0-1"]
[WhiteElo "1500"]
[BlackElo "1774"]
[PlyCount "62"]
[EventDate "2002.10.19"]

1. Nf3 d5 2. g3 c5 3. d4 Nf6 4. Bg2 e6 5. O-O Nc6 6. b3 Bd6 7. Bb2 Qc7 8. Re1
Bd7 9. c4 dxc4 10. dxc5 Bxc5 11. bxc4 Qb6 12. e3 Qxb2 13. Nbd2 Qb6 14. Rb1 Qc7
15. Nd4 Bxd4 16. exd4 O-O 17. Nf3 Rab8 18. Rb2 Rfd8 19. Qb1 b6 20. Rc2 Qd6 21.
Rd2 Be8 22. Qb2 Rbc8 23. Bf1 Na5 24. Ne5 Bc6 25. Bd3 Ba8 26. f3 Nc6 27. Kf2
Qxd4+ 28. Qxd4 Nxd4 29. Bxh7+ Nxh7 30. Red1 Nc6 31. Rxd8+ Rxd8 0-1

[Event "VI Weekend"]
[Site "Castelfidardo ITA"]
[Date "2002.10.19"]
[Round "1"]
[White "Guglielmi, Dante"]
[Black "Cavatassi, Alessio"]
[Result "1-0"]
[WhiteElo "1711"]
[BlackElo "1344"]
[PlyCount "125"]
[EventDate "2002.10.19"]

1. c4 e6 2. Nf3 Nc6 3. g3 Bc5 4. Bg2 Nge7 5. O-O O-O 6. d4 Bb6 7. a3 d5 8. c5
Ba5 9. b4 Bxb4 10. axb4 Nxb4 11. Nc3 Bd7 12. Rb1 a5 13. Ba3 Nec6 14. Bxb4 Nxb4
15. Nd2 Ra6 16. Nb3 Qe7 17. Nxa5 Rxa5 18. Rxb4 Bc6 19. Rb2 Rfa8 20. Qc2 R8a7
21. Ra2 Qf6 22. Rxa5 Rxa5 23. Qd2 b5 24. Nxd5 Bxd5 25. Bxd5 Ra4 26. Bc6 Qxd4
27. Qxd4 Rxd4 28. Bxb5 g6 29. Rb1 Rd5 30. c6 Rd8 31. Bd3 Kf8 32. Rb7 Rc8 33.
Ra7 Kg7 34. Ba6 Rb8 35. Rxc7 Ra8 36. Bc4 Ra1+ 37. Kg2 Rc1 38. Bxe6 Kf6 39. Bd7
Ke5 40. Ra7 Kd6 41. Be8 f6 42. Rxh7 Rc2 43. c7 Rxc7 44. Rxc7 Kxc7 45. Bxg6 Kd6
46. h4 Ke7 47. h5 Kf8 48. h6 Kg8 49. f4 Kh8 50. e4 Kg8 51. e5 fxe5 52. fxe5 Kf8
53. e6 Ke7 54. h7 Kxe6 55. h8=Q Ke7 56. Kf3 Ke6 57. Ke4 Kd6 58. Qd4+ Kc6 59.
Be8+ Kc7 60. Kd5 Kb8 61. Kd6 Kc8 62. Qa7 Kd8 63. Qd7# 1-0

[Event "VI Weekend"]
[Site "Castelfidardo ITA"]
[Date "2002.10.19"]
[Round "1"]
[White "Marconi, Andrea"]
[Black "Fioravanti, Diego"]
[Result "0-1"]
[WhiteElo "1519"]
[BlackElo "1855"]
[PlyCount "108"]
[EventDate "2002.10.19"]

1. Nf3 d5 2. b3 Nf6 3. Bb2 e6 4. e3 Bd6 5. Be2 O-O 6. O-O Nbd7 7. d4 Ne4 8.
Nbd2 Ndf6 9. a3 Qe7 10. c4 c6 11. c5 Bc7 12. h3 Nxd2 13. Nxd2 e5 14. dxe5 Bxe5
15. Bxe5 Qxe5 16. Nf3 Qe7 17. b4 Bf5 18. Qd4 Ne4 19. Nh2 Rfe8 20. Bg4 Bg6 21.
Rae1 a5 22. Ra1 Qc7 23. Be2 f5 24. b5 f4 25. b6 Qe7 26. Rac1 fxe3 27. Qxe3 Nxc5
28. Qxc5 Qxc5 29. Rxc5 Rxe2 30. Nf3 Rb2 31. Re1 Rxb6 32. Nd4 Rb1 33. Rxb1 Bxb1
34. f3 Kf7 35. Kf2 Ke7 36. Rc1 Bg6 37. g4 Kd6 38. f4 Be4 39. f5 Ke5 40. Ke3 g6
41. fxg6 hxg6 42. Rf1 Rh8 43. Nf3+ Bxf3 44. Rxf3 b5 45. Kd3 c5 46. g5 c4+ 47.
Kc3 d4+ 48. Kd2 Ke4 49. Rg3 Kf4 50. Rg4+ Ke5 51. h4 Rf8 52. Ke2 Rf4 53. Rxf4
Kxf4 54. h5 Kxg5 0-1

[Event "VI Weekend"]
[Site "Castelfidardo ITA"]
[Date "2002.10.19"]
[Round "1"]
[White "Mircoli, Filippo"]
[Black "Luciani, Valerio"]
[Result "0-1"]
[WhiteElo "1591"]
[BlackElo "2152"]
[PlyCount "58"]
[EventDate "2002.10.19"]

1. e4 d6 2. d4 Nf6 3. Bd3 g6 4. f4 Bg7 5. Nf3 c5 6. d5 c4 7. Bxc4 Nxe4 8. c3
O-O 9. Be3 Nd7 10. Bd4 Nef6 11. O-O Qc7 12. Bb3 Nb6 13. Na3 a6 14. Rc1 Bf5 15.
c4 Nbd7 16. Bc2 Bxc2 17. Qxc2 Rfc8 18. b4 b5 19. Qb2 Qb7 20. Rfd1 bxc4 21. Nxc4
Nxd5 22. a3 Nxf4 23. Qf2 Qb5 24. Nfd2 Nd3 25. Qh4 Nxc1 26. Rxc1 d5 27. Nf3 dxc4
28. Ng5 h6 29. Rf1 Qxg5 0-1

[Event "VI Weekend"]
[Site "Castelfidardo ITA"]
[Date "2002.10.19"]
[Round "1"]
[White "Rinaldi, Raffaele"]
[Black "Santurbano, Maria Vincenza"]
[Result "1/2-1/2"]
[WhiteElo "1362"]
[BlackElo "1731"]
[PlyCount "85"]
[EventDate "2002.10.19"]

1. e4 e5 2. Nf3 Nc6 3. Bb5 Nd4 4. Nxd4 exd4 5. d3 c6 6. Bc4 d5 7. Bb3 Nf6 8.
Bg5 Be7 9. h3 O-O 10. Nd2 dxe4 11. dxe4 Nxe4 12. Bxe7 Qxe7 13. Qe2 Re8 14. O-O
Nxd2 15. Qxd2 c5 16. Rfe1 Be6 17. Re5 Qd6 18. Rae1 b5 19. Bd5 Rad8 20. Qa5 a6
21. a4 Bd7 22. Rxe8+ Rxe8 23. Rxe8+ Bxe8 24. Bb7 g6 25. Bxa6 bxa4 26. Bb5 Bxb5
27. Qxb5 Qe5 28. Qxa4 Qe1+ 29. Kh2 Qxf2 30. Qe8+ Kg7 31. Qe5+ Qf6 32. Qxc5 Qf4+
33. Kg1 Qc1+ 34. Kh2 Qxb2 35. Qe5+ Kf8 36. Qd6+ Ke8 37. Qe5+ Kd7 38. Qd5+ Ke8
39. Qe5+ Kf8 40. Qd6+ Kg7 41. Qe5+ f6 42. Qc7+ Kf8 43. Qd8+ 1/2-1/2

[Event "VI Weekend"]
[Site "Castelfidardo ITA"]
[Date "2002.10.19"]
[Round "1"]
[White "Rinaudo, Sergio"]
[Black "Acciaioli, Fabio"]
[Result "1-0"]
[WhiteElo "1864"]
[BlackElo "1524"]
[PlyCount "63"]
[EventDate "2002.10.19"]

1. d4 Nf6 2. Nf3 g6 3. Nbd2 Bg7 4. e4 d6 5. Bd3 Nbd7 6. c3 c6 7. O-O O-O 8. Re1
Qc7 9. Qc2 e5 10. b3 Re8 11. Ba3 b5 12. Rac1 a6 13. dxe5 Nxe5 14. Nxe5 dxe5 15.
c4 Qa5 16. Bb2 Bh6 17. Rcd1 Bg7 18. h3 Bb7 19. Nf3 Nd7 20. a3 Rac8 21. b4 Qb6
22. Qb3 c5 23. cxb5 axb5 24. bxc5 Rxc5 25. Ng5 Qf6 26. Bxb5 Rxb5 27. Qxb5 Bc6
28. Qc4 Rb8 29. Ba1 Rb5 30. Nxf7 Rc5 31. Nh6+ Kh8 32. Qg8# 1-0

[Event "VI Weekend"]
[Site "Castelfidardo ITA"]
[Date "2002.10.19"]
[Round "1"]
[White "Rotoni, Matteo"]
[Black "Palmizi, Alessandro"]
[Result "1-0"]
[WhiteElo "2105"]
[BlackElo "1576"]
[PlyCount "61"]
[EventDate "2002.10.19"]

1. e4 d6 2. d4 e6 3. Nc3 g6 4. Be3 Bg7 5. Qd2 h6 6. O-O-O Ne7 7. f4 a6 8. Nf3
Nd7 9. g4 Nb6 10. Bd3 d5 11. e5 c6 12. h4 Nc4 13. Bxc4 dxc4 14. Ne4 Nd5 15.
Nd6+ Kf8 16. Nxc4 Kg8 17. h5 Bf8 18. hxg6 fxg6 19. Bf2 b5 20. Nd6 Be7 21. Bh4
Bd7 22. Bxe7 Qxe7 23. f5 g5 24. f6 Nxf6 25. exf6 Qxf6 26. Ne5 Rh7 27. Rdf1 Qe7
28. Ne4 Rf8 29. Qd3 Be8 30. Rxf8+ Qxf8 31. Rf1 1-0

[Event "VI Weekend"]
[Site "Castelfidardo ITA"]
[Date "2002.10.19"]
[Round "2"]
[White "Cavatassi, Alessio"]
[Black "Di Blasio, Walter"]
[Result "1-0"]
[WhiteElo "1344"]
[BlackElo "1537"]
[PlyCount "137"]
[EventDate "2002.10.19"]

1. d4 Nf6 2. Nc3 g6 3. e4 d6 4. Nf3 Bg7 5. Bc4 O-O 6. O-O c6 7. a3 b5 8. Ba2
Na6 9. b4 Nc7 10. h3 Bb7 11. Re1 Nd7 12. Bb2 Rc8 13. Rb1 c5 14. bxc5 dxc5 15.
d5 a6 16. a4 b4 17. Ne2 Bxb2 18. Rxb2 a5 19. c3 Nb6 20. c4 Qd7 21. Bb3 f6 22.
Rd2 Ne8 23. Nf4 Nd6 24. Qc2 Ba6 25. Ne6 Nbxc4 26. Nxf8 Kxf8 27. Bxc4 Nxc4 28.
Rdd1 Na3 29. Qc1 Kg7 30. e5 c4 31. exf6+ exf6 32. d6 Re8 33. Qf4 Bc8 34. Qd4
Nc2 35. Qxc4 Rxe1+ 36. Nxe1 Na3 37. Qc7 b3 38. Nd3 Qxc7 39. dxc7 Nc2 40. Rb1
Be6 41. Nc5 Bc8 42. Rxb3 Nb4 43. Nd3 Nd5 44. Nb2 Ba6 45. Nc4 Nxc7 46. Nxa5 Nd5
47. Nb7 Bc4 48. Ra3 Kf8 49. a5 Ba6 50. Nc5 Nc7 51. f3 Be2 52. a6 Nxa6 53. Nxa6
Kg7 54. Nc5 Bc4 55. Ra7+ Kh6 56. g4 Bd5 57. Kg2 f5 58. gxf5 gxf5 59. Kg3 Kg6
60. Ra6+ Kg7 61. Rb6 Bc4 62. Kf4 Bf1 63. h4 Be2 64. Kxf5 Bxf3 65. Kg5 Bd5 66.
Ra6 Bf3 67. Ra7+ Kg8 68. Kf6 Bh5 69. Ra8+ 1-0

[Event "VI Weekend"]
[Site "Castelfidardo ITA"]
[Date "2002.10.19"]
[Round "2"]
[White "Cerusico, Carlo"]
[Black "Mircoli, Filippo"]
[Result "1/2-1/2"]
[WhiteElo "1404"]
[BlackElo "1591"]
[PlyCount "67"]
[EventDate "2002.10.19"]

1. d4 e6 2. Nf3 Nf6 3. e3 d5 4. Bd3 c5 5. c3 Nc6 6. O-O Bd6 7. Nbd2 O-O 8. e4
dxe4 9. Nxe4 Nxe4 10. Bxe4 cxd4 11. cxd4 f5 12. Bd3 Nxd4 13. Nxd4 Bxh2+ 14.
Kxh2 Qxd4 15. Qf3 e5 16. Qe3 Qh4+ 17. Qh3 Qf6 18. Kg1 Be6 19. f4 e4 20. Be2
Rac8 21. Rd1 Rc2 22. Qe3 Qg6 23. Rd2 Rfc8 24. Rxc2 Rxc2 25. b3 Qf7 26. Rb1 Rxa2
27. Bc4 Bxc4 28. bxc4 b6 29. c5 Qg6 30. g3 Qh5 31. Qb3+ Qf7 32. Qxf7+ Kxf7 33.
cxb6 axb6 34. Be3 1/2-1/2